000 00362nam a22001217a 4500
999 _c3179
_d3179
005 20201117154415.0
008 201117b ||||| |||| 00| 0 eng d
020 _a7428
040 _cCML
245 _aThe electronic Theory of Acid and Bases.
_cLuder W.F.
260 _aNew York.
_bConstable.
_c1946
942 _2ddc
_cBK
_e1st Edition.
_h546.240
_mLUM